000 00589nam a22001817a 4500
005 20251108171847.0
008 250721s1987 xx 000 0 ara d
082 1 4 _aم/106/جاح
100 1 _aالجاحظ، عمرو بن بحر
245 1 0 _aرسائل الجاحظ :
_bالرسائل الكلامية - كشاف آثار الجاحظ /
264 1 _aبيروت :
_bدار و مكتبة الهلال،
_c1987.
300 _a417ص
650 1 7 _aالفلسفة
650 1 7 _aالرسائل
700 1 _aأبو ملحم، علي
_eتحقيق
942 _2ddc
_cREF
999 _c64479
_d64479